Les stations du métro parisien en devinettes (4) - Statistiques

Statistiques générales
  • Ce quiz a été pris 53 fois
  • Le résultat moyen est 7 sur 30
Statistiques - réponses
Définition Ligne Station % Correct
Infirmes 8 & 13 Invalides
71%
Pleureuse 8 12 & 14 Madeleine
45%
Devrait plaire à Biden 7 Maison-Blanche
45%
La plus connue de Paris n'a pas fait de petites pour nommer ce lieu 7 & 14 Pyramides
40%
Une domestique que l'on vient d'engager 8 & 9 Bonne nouvelle
38%
Certains aiment y flâner 8 & 9 Grands boulevards
38%
Philosophe ou fauteuil 9 Voltaire
31%
Une fleur très parfumée 9 Jasmin
29%
Un beau bleu 7bis Danube
26%
Elle est peu causante et pour cause 9 La Muette
26%
Large espace dédié aux réjouissances 7bis & 11 Place des fêtes
26%
La pourpre attelée au sabre 8 & 9 Richelieu-Drouot
26%
Pont de zouave 9 Alma
24%
Général ou écrivaine 7 & 9 La Fayette
24%
Si leurs hommes ont la pêche, elles sont souvent seules comme celle-ci 7 Poissonnière
21%
Tête de devise 8 Liberté
19%
Ingénieur brillant mais sans houppe 7 Riquet
17%
On le surnommait l'Incorruptible 9 Robespierre
17%
Chapeau 7bis Bolivar
14%
Son café est fort réputé 8 Commerce
14%
Ouvrage à piles qui ne doit rien à la Vierge malgré les apparences 7 Pont Marie
14%
A connue le pire à l'Elysée 8 Félix Faure
12%
Ils s'occupent de leurs oignons 9 Maraîchers
12%
Point d'or sur cet huis mais un bois à proximité 8 Porte Dorée
12%
Réussite de Clovis 7 Tolbiac
12%
Un saint y aurait-il ruminé sans son frère ? 7bis Pré-Saint-Gervais
10%
Lieux de formation 8 Ecoles
7%
Elle a des facultés 8 ou 13 Université
7%
Large espace dédié à l'auteur d'une oeuvre classée X 7 Place Monge
5%
Parfois maritime 8 Préfecture
0%
Aucun quiz correspondant
Distribution des résultats
% des personnes avec chaque résultat
Percentile par nombre de réponses
Votre historique - résultats
Vous n’avez pas pris ce quiz